000 00491nam a22002057a 4500
005 20170221132013.0
008 170221b xxu||||| |||| 00| 0 eng d
020 _a0349111693
_c6.99
040 _aLoreto College
041 _aEnglish
082 _aF
_bBAI
100 _aBainbridge,Beryl
245 _aMaster Georgie
_cBeryl Bainbridge
260 _aLondon
_bAbacus
_c1999
300 _a212p.
_b22cm
504 _aPrice in Pound
650 _aFiction
850 _aLCLIB
942 _cBK
999 _c40897
_d91376